Top 50 Rappers of 2020 (Ranker.com) - Statistics

General Stats
  • This quiz has been taken 4,933 times
  • The average score is 19 of 50
Answer Stats
Rank Answer % Correct
8 Drake
90%
1 Lil Baby
76%
47 Kanye West
73%
13 Kendrick Lamar
72%
4 Lil Uzi Vert
69%
6 Travis Scott
69%
14 Eminem
68%
5 Dababy
64%
19 Future
61%
24 Lil Wayne
60%
11 21 Savage
57%
12 J. Cole
55%
18 Gunna
53%
36 Playboi Carti
51%
3 Pop Smoke
51%
22 Young Thug
50%
2 Polo G
49%
30 Lil Durk
47%
9 Lil Tjay
46%
7 Roddy Ricch
44%
26 Migos
43%
10 NLE Choppa
39%
17 NBA Youngboy
38%
28 Lil Tecca
37%
45 Tyler the Creator
37%
23 ASAP Rocky
36%
37 Lil Yachty
36%
27 Post Malone
34%
38 Kodak Black
31%
32 Snoop Dogg
31%
16 King Von
30%
33 Trippie Redd
29%
34 Don Toliver
27%
31 Jack Harlow
27%
44 Megan Thee Stallion
26%
35 The Weeknd
26%
15 A Boogie wit da Hoodie
22%
40 Denzel Curry
22%
20 Ski Mask
22%
42 Lil Skies
20%
21 YNW Melly
20%
41 Meek Mill
16%
29 The Kid LAROI
16%
25 Rod Wave
15%
48 Swae Lee
12%
46 YBN Cordae
10%
43 Iann Dior
8%
50 Lil Loaded
8%
49 NF
7%
39 Joyner Lucas
6%
No matching quizzes found
Score Distribution
Percent of People with Each Score
Percentile by Number Answered
Your Score History
You have not taken this quiz